Les 20 premières personnalités préférées des Français en 1988 - Statistiques

Statistiques générales
  • Ce quiz a été pris 69 fois
  • Le résultat moyen est 14 sur 20
Statistiques - réponses
Par images Hint Réponse % Correct
Président de la République Jacques Chirac
98%
Président de la République François Mitterrand
94%
Chanteur / Je marche seul Jean-Jacques Goldman
94%
Animateur / Vivement dimanche Michel Drucker
92%
Acteur / Le Professionnel Jean-Paul Belmondo
91%
Politique / Loi avortement Simone Veil
91%
Footballeur / N°10 Michel Platini
88%
Homme d'affaire / OM / Politique Bernard Tapie
86%
Acteur / Le samouraï Alain Delon
84%
Présentateur / 20H Patrick Poivre d'Arvor
84%
Commandant / Explorateur Jacques-Yves Cousteau
77%
Actrice / Les Demoiselles de Rochefort Catherine Deneuve
75%
Pilote F1 / Ayrton Senna Alain Prost
64%
Animateur / L'école des fans Jacques Martin
50%
Journaliste / Apostrophes Bernard Pivot
48%
Acteur / Chanteur / Simone Signoret Yves Montand
48%
Journaliste / 7 sur7 / Strauss-Kahn Anne Sinclair
39%
Acteur / Metteur en scène / Angélique Robert Hossein
33%
1er Ministre / Maire de Lyon Raymond Barre
30%
Journaliste / Droit de réponse Michel Polac
20%
Aucun quiz correspondant
Distribution des résultats
% des personnes avec chaque résultat
Percentile par nombre de réponses
Votre historique - résultats
Vous n’avez pas pris ce quiz